Normal view
MARC view
Entry Personal Name
001 - CONTROL NUMBER
- control field: 27002
003 - CONTROL NUMBER IDENTIFIER
- control field: Doon University
005 - DATE AND TIME OF LATEST TRANSACTION
- control field: 20260603131546.0
008 - FIXED-LENGTH DATA ELEMENTS
- fixed length control field: 260603|| aca||aabn | a|a d
040 ## - CATALOGING SOURCE
- Original cataloging agency: Doon University
- Transcribing agency: Doon University
100 ## - HEADING--PERSONAL NAME
- Personal name: Sharma, Ajit K
670 ## - SOURCE DATA FOUND
- Source citation: Work cat.: (Doon University)60979: Sharma, Ajit K., Textbook of Solid State and Nuclear Physics, 2023